| 000 | 01000nam a2200229Ia 4500 | ||
|---|---|---|---|
| 999 |
_c2532 _d2532 |
||
| 001 | 682 | ||
| 005 | 20200609114557.0 | ||
| 008 | 180716s9999||||xx |||||||||||||| ||und|| | ||
| 020 | _a90-5702-353-9 | ||
| 020 | _a9789057023538 | ||
| 040 | _cPK-IsLIS | ||
| 082 |
_a572.592 _bB6347 |
||
| 100 | _aBohm, Bruce A. | ||
| 245 | 0 |
_aIntroduction to flavonoids _c/ Bruce A. Bohm |
|
| 260 |
_bHarwood Academic, _aCanada : _c1998. |
||
| 300 | _axi, 503 p. | ||
| 490 |
_aChemistry and biochemistry of organic natural products _v02 |
||
| 650 | _aFlavonoids | ||
| 650 | _aChemical structure. | ||
| 942 | _cBK | ||
| 505 | 0 | _a1. INTRODUCTION AND HISTORICAL PERSPECTIVE 1 ; 2. STRUCTURAL VARIATION: THE FLAVONOID LITERATURE 5 ; 3. OCCURRENCE AND DISTRIBUTION OF FLAVONOIDS 117 ; 4. EXTRACTION, PURIFICATION, AND IDENTIFICATION OF FLAVONOIDS 175 ; 5. SYNTHESIS AND INTERCONVERSIONS OF FLAVONOIDS 243 ; 6. BIOSYNTHESIS AND GENETICS 285 ; 7. FLAVONOID FUNCTIONS IN NATURE 339 ; 8. HUMAN USES OF FLAVONOIDS 365 ; | |